Catálogo - Centro de Recursos para el Aprendizaje y la Investigación

Volver al Sitio - CRAI Biblioteca
Vista normal Vista MARC
  • Mirabal, Minerva

Entrada Nombre personal

Número de registros utilizados en: 1

001 - NÚMERO DE CONTROL

  • campo de control: 193814

003 - IDENTIFICADOR DEL NÚMERO DE CONTROL

  • campo de control: DR-UNIBE

005 - FECHA Y HORA DE LA ÚLTIMA TRANSACCIÓN

  • campo de control: 20250402145505.0

008 - DATOS DE LONGITUD FIJA

  • campo de control de longitud fija: 250402|| aca||aabn | a|a d

040 ## - FUENTE DE LA CATALOGACIÓN

  • Centro catalogador/agencia de origen: DR-UNIBE
  • Centro/agencia transcriptor: DR-UNIBE

100 ## - ENCABEZAMIENTO-NOMBRE DE PERSONA

  • Nombre de persona: Mirabal, Minerva
  • Forma completa/desarrollada del nombre: (Mirabal Reyes, Minerva Argentina),
  • Fechas asociadas al nombre: 1926-1960

670 ## - FUENTE DE DATOS ENCONTRADOS

  • Cita de la fuente: Work cat.: (DR-UNIBE)113403: Mirabal, Minerva (Mirabal Reyes, Minerva Argentina), 1926-1960 autor, El principio de la irretroactividad de las leyes y la jurisprudencia dominicana / , 2022